Statistics for Random North American Capitals - Map Quiz

Click here to take the quiz!

General Stats

  • This quiz has been taken 253 times
  • The average score is 6 of 8

Answers on the Map

Answers color-coded by a green-red scale on the quiz's map according to % correct below.
 

Answer Stats

Answer% Correct
Washington D.C.
94%
Ottawa
92%
Panama City
90%
Belmopan
87%
Havana
85%
San Salvador
85%
Guatemala City
81%
Kingston
80%
Managua
80%
Nassau
78%
Mexico City
77%
Port-au-Prince
75%
Santo Domingo
75%
San Jose
70%
Basseterre
67%
Port of Spain
67%
Tegucigalpa
67%
St. John's
60%
Bridgetown
58%
Kingstown
50%
Roseau
42%
Castries
38%
St. George's
27%

Score Distribution

Percentile by Number Answered

Percent of People with Each Score

Your Score History

You have not taken this quiz